[Event "Schleswig Holstein-ch Veterans 62nd"]
[Site "Itzehoe"]
[Date "2007.04.05"]
[Round "8"]
[White "Howe, Dietrich"]
[Black "Schaub, Reiner"]
[Result "1-0"]
[WhiteElo "1459"]
[BlackElo "1558"]
[PlyCount "53"]
[EventDate "2007.03.31"]
[EventType "swiss"]
[EventRounds "9"]
[EventCountry "GER"]
[SourceTitle "EXT 2010"]
[Source "ChessBase"]
[SourceDate "2010.11.25"]
[SourceVersion "1"]
[SourceVersionDate "2010.11.25"]
[SourceQuality "1"]

1. Nf3 d6 2. c4 Nf6 3. g3 g6 4. Nc3 Bg7 5. Bg2 c6 6. 0-0 0-0 7. Rb1 Bf5 8. d3 Qc8 9. Re1 Bh3 10. Bh1 c5 11. b4 cxb4 12. Rxb4 Nc6 13. Rb1 Rb8 14. Bd2 Bd7 15. Qc2 a6 16. Rb6 Nd8 17. Reb1 Bc6 18. Qb3 Ra8 19. Nd5 Bxd5 20. cxd5 Nd7 21. Rb4 Nc5 22. Qd1 b5 23. Rc1 Qd7 24. Ng5 Na4 25. Qc2 Ra7 26. Ne4 Bd4 27. Rxd4 1-0

[Event "Schleswig Holstein-ch Veterans 62nd"]
[Site "Itzehoe"]
[Date "2007.04.04"]
[Round "6"]
[White "Schaub, Reiner"]
[Black "Habenicht, Karl Heinz"]
[Result "1/2-1/2"]
[WhiteElo "1558"]
[BlackElo "1574"]
[PlyCount "27"]
[EventDate "2007.03.31"]
[EventType "swiss"]
[EventRounds "9"]
[EventCountry "GER"]
[SourceTitle "EXT 2010"]
[Source "ChessBase"]
[SourceDate "2010.11.25"]
[SourceVersion "1"]
[SourceVersionDate "2010.11.25"]
[SourceQuality "1"]

1. d4 f5 2. c4 Nf6 3. Nc3 g6 4. Nf3 Bg7 5. Bg5 d6 6. Qd2 0-0 7. Bh6 c6 8. Bxg7 Kxg7 9. e3 Nbd7 10. Ng5 Nb6 11. f4 Qe8 12. Be2 e5 13. 0-0-0 e4 14. h4 1/2-1/2

[Event "Schleswig Holstein-ch Veterans 62nd"]
[Site "Itzehoe"]
[Date "2007.04.03"]
[Round "5"]
[White "Friedrichsen, Hans Hermann"]
[Black "Schaub, Reiner"]
[Result "1/2-1/2"]
[WhiteElo "1545"]
[BlackElo "1558"]
[PlyCount "30"]
[EventDate "2007.03.31"]
[EventType "swiss"]
[EventRounds "9"]
[EventCountry "GER"]
[SourceTitle "EXT 2010"]
[Source "ChessBase"]
[SourceDate "2010.11.25"]
[SourceVersion "1"]
[SourceVersionDate "2010.11.25"]
[SourceQuality "1"]

1. d4 Nf6 2. Nf3 g6 3. Bf4 d6 4. h3 Bg7 5. e3 0-0 6. Bd3 Nbd7 7. 0-0 b6 8. Nbd2 Bb7 9. c3 c5 10. Re1 Nh5 11. Bh2 e5 12. dxe5 dxe5 13. Be4 Bxe4 14. Nxe4 Qe7 15. Qb3 Nhf6 1/2-1/2

[Event "Schleswig Holstein-ch Veterans 62nd"]
[Site "Itzehoe"]
[Date "2007.04.01"]
[Round "2"]
[White "Schaub, Reiner"]
[Black "Weber, Ulrich"]
[Result "1/2-1/2"]
[WhiteElo "1558"]
[BlackElo "1345"]
[PlyCount "28"]
[EventDate "2007.03.31"]
[EventType "swiss"]
[EventRounds "9"]
[EventCountry "GER"]
[SourceTitle "EXT 2010"]
[Source "ChessBase"]
[SourceDate "2010.11.25"]
[SourceVersion "1"]
[SourceVersionDate "2010.11.25"]
[SourceQuality "1"]

1. d4 Nf6 2. Nf3 e6 3. e3 b6 4. Bd3 Bb7 5. Nbd2 d5 6. b3 Nbd7 7. 0-0 Bd6 8. Bb2 0-0 9. Ne5 Qe7 10. f4 c5 11. Qe2 cxd4 12. exd4 Rfd8 13. g4 Nf8 14. Ndf3 Ne4 1/2-1/2

[Event "Schleswig Holstein-ch Veterans 62nd"]
[Site "Itzehoe"]
[Date "2007.03.31"]
[Round "1"]
[White "Harders, Werner"]
[Black "Schaub, Reiner"]
[Result "1/2-1/2"]
[WhiteElo "1404"]
[BlackElo "1558"]
[PlyCount "37"]
[EventDate "2007.03.31"]
[EventType "swiss"]
[EventRounds "9"]
[EventCountry "GER"]
[SourceTitle "EXT 2010"]
[Source "ChessBase"]
[SourceDate "2010.11.25"]
[SourceVersion "1"]
[SourceVersionDate "2010.11.25"]
[SourceQuality "1"]

1. f4 d5 2. d4 Nf6 3. e3 Bg4 4. Nf3 e6 5. Bd3 c5 6. c3 cxd4 7. cxd4 Bb4+ 8. Bd2 Bxd2+ 9. Nbxd2 Qa5 10. 0-0 Nc6 11. a3 a6 12. h3 Bxf3 13. Nxf3 0-0 14. Kh2 Ne7 15. g4 g6 16. Qe2 Rac8 17. Rac1 Rc7 18. b4 Qb6 19. Rc5 1/2-1/2